Letter by letter - Capitals #1 - Statistics

General Stats
  • This quiz has been taken 55 times
  • The average score is 34 of 43
Answer Stats
Answer % Correct
A
100%
H
95%
P
93%
J
91%
M
91%
Mo
89%
Ha
86%
Mon
86%
Po
86%
Mont
84%
Am
82%
Por
82%
Ams
80%
Amst
80%
Amste
80%
Amster
80%
Amsterd
80%
Amsterda
80%
Amsterdam
80%
Je
80%
Monte
80%
Port
80%
Hav
77%
Hava
77%
Jer
77%
Havan
75%
Havana
75%
Jeru
75%
Montev
75%
Port L
75%
Jerus
73%
Jerusa
73%
Jerusal
73%
Jerusale
73%
Jerusalem
73%
Montevi
73%
Montevid
73%
Montevide
70%
Port Lo
70%
Montevideo
68%
Port Lou
68%
Port Loui
66%
Port Louis
66%
No matching quizzes found
Score Distribution
Percent of People with Each Score
Percentile by Number Answered
Your Score History
You have not taken this quiz